banner-ar

العلاج السلوكى للطفل اساليبة ونماذج من حالاته (عالم المعرفة 180 ) / (Record no. 51523)

MARC details
000 -الفاتح
حقل البيانات ثابتة الطول 00800nam a2200229Ia 4500
008 - عناصر البيانات ثابتة الطول - معلومات عامة
حقل البيانات ثابتة الطول 140319s9999 xx 000 0 ara d
040 ## - مصدر الفهرسة
وكالة الفهرسة الأصلية GCL /
وكالة النسخ GCL
082 04 - رقم تصنيف ديوى العشرى
رقم التصنيف 155.41
رقم المادة ع ع
100 1# - المدخل الرئيسى - إسم شخصى
الإسم الشخصى عبدالستار ابراهيم
245 10 - بيان العنوان
العنوان العلاج السلوكى للطفل اساليبة ونماذج من حالاته (عالم المعرفة 180 ) /
بيان المسئوليه,etc عبدالستار ابراهيم
700 1# - المدخل الاضافى - اسم شخصى
الإسم الشخصى عبدالعزيز عبدالله الدخيل
700 1# - المدخل الاضافى - اسم شخصى
الإسم الشخصى رضوى ابراهيم
300 ## - الوصف المادى
التعداد 373 ص
490 ## - بيان السلسلة
عنوان السلسلة عالم المعرفة
رقم المجلد/ التعيين التسلسلي 0
650 04 - المدخل الاضافى بالموضوع-مصطلح موضوعى
مصطلح موضوعي الصحة النفسية
650 04 - المدخل الاضافى بالموضوع-مصطلح موضوعى
مصطلح موضوعي علم النفس
650 04 - المدخل الاضافى بالموضوع-مصطلح موضوعى
مصطلح موضوعي علم النفس السلوكى
650 04 - المدخل الاضافى بالموضوع-مصطلح موضوعى
مصطلح موضوعي السلوكية
650 04 - المدخل الاضافى بالموضوع-مصطلح موضوعى
مصطلح موضوعي الاطفال - علم نفس
942 ## - عناصر المدخل الإضافي( كوها)
مصدر التصنيف او مخطط الترفيف Dewey Decimal Classification
Koha [default] item type كتاب
Holdings
حالة التراجع حالة الفقد حالة تلف ليس للاعارة المكان المؤقت الموقع الحالى تاريخ الاكتساب اجمالي اﻻعارات رقم الطلب الباركود تاريخ اخر مشاهدة تاريخ تفعيل السعر نوع وعاء كوها
        مكتبة القاهرة الكبرى مكتبة القاهرة الكبرى 03/26/2014   155.41\ع ع 123436 03/26/2014 03/26/2014 كتاب
        مكتبة القاهرة الكبرى مكتبة القاهرة الكبرى 03/26/2014   155.41\ع ع 123437 03/26/2014 03/26/2014 كتاب

Powered By

EGPV